000
00320nam a2200109Ia 4500
008
160531s9999 xx 000 0 und d
100
_a
Lim, Hwee-San.
245
_a
New Achievements in Geoscience
245
_c
by Hwee-San Lim
260
_c
2012
856
_u
http://www.intechopen.com/books/new-achievements-in-geoscience
999
_c
295077
_d
295077